000 00916naa a22002657a 4500
001 BR7806985
003 BR-BrBNA
005 20240918174252.0
007 ta
008 230509b bl.||||| |||| 00| 0 por d
040 _aBR-BrBNA
_bpor
_cBiblioteca Nacional de Agricultura
041 _a(Pt)
072 _aH10
_b4020
_b0150
090 _aH10 BR7806985
100 1 _aBarcelos, A. do C.
245 1 _aControle quimico da lagarta elasmo Elasmopalpus lignosellus (Zeller, 1848), em arroz
260 3 _aBelo Horizonte, MG (Brasil):
_c1978.
500 _aProjeto arroz. Relatorio 76/77 Belo Horizonte, MG (Brasil): 1978. p. 59-62 (BR7806985-AM)H10
650 _aARROZ SEQUEIRO
650 _aLAGARTA DO COLO
650 _aCONTROLE QUIMICO
773 0 _tProjeto arroz. Relatorio 76/77
_wH10 BR7806985
_gBelo Horizonte, MG (Brasil), 1978. p. 59-62
909 _a202404
_bLucia
_c55
_dLucia Elande
942 _cAM
_2AGRIS
999 _c310002
_d310002